000 01229cam a2200301 a 4500
001 12581038
003 OSt
005 20240612094001.0
008 011105s2003 ne a b 001 0 eng
010 _a 2001097950
020 _a0121160513 (pbk. : acidfree paper)
035 _a(DLC) 2001097950
040 _aDLC
_cMUST
_dDLC
082 0 0 _a516.36
_221
_bBOO 2003
100 1 _aBoothby, William M.
_q(William Munger),
_d1918-
_917067
245 1 3 _aAn introduction to differentiable manifolds and Riemannian geometry /
_cWilliam M. Boothby.
250 _aRev. 2nd ed.
260 _aAmsterdam ;
_aNew York :
_bAcademic Press,
_c2003.
300 _axiv, 419 p. :
_bill. ;
_c23 cm.
504 _aIncludes bibliographical references (p. 403-409) and index.
650 0 _aDifferentiable manifolds.
_917068
650 0 _aRiemannian manifolds.
_917069
856 4 2 _3Publisher description
_uhttp://www.loc.gov/catdir/description/els031/2001097950.html
856 4 1 _3Table of contents
_uhttp://www.loc.gov/catdir/toc/els031/2001097950.html
906 _a7
_bcbc
_corignew
_d2
_eepcn
_f20
_gy-gencatlg
942 _2ddc
_cO_SHELF
999 _c8393
_d8393